000 00852nam a2200337Ia 4500
005 20260514124401.0
008 008 261405s9999 xx 000 0 eng d
037 _aThesis
040 _aCRL
040 _beng
040 _cCRL
041 _2eng
041 _aeng
084 _qCRL
100 _aDr.Bhise Vikash Dayanand
_91239747
245 0 _aTo Study the Feasibility of Video Assisted anal Fistula Treatment in the Management of Fistula in Ano.
260 _aDelhi
260 _bUniversity of Delhi
260 _c2015
300 _a55p.
502 _bPh.D.
502 _cUniversity of Delhi
502 _d2015
541 _oThesis
650 _aGeneral Surgery
700 _aAjay Kumar
700 _aDr.Manoj Andley
_91239456
710 _aGeneral Surgery
_91239711
942 _cTH
999 _c1851783
_d1851783